BHAKTI GEETI PADA SANCHAYAN (Kabita) (Record no. 14)
[ view plain ]
| 000 -LEADER | |
|---|---|
| fixed length control field | 00471cam a2200181ua 4500 |
| 008 - FIXED-LENGTH DATA ELEMENTS--GENERAL INFORMATION | |
| fixed length control field | 150302n II |||gr||||Z||||||asm |
| 040 ## - CATALOGING SOURCE | |
| Original cataloging agency | MAIN |
| 041 ## - LANGUAGE CODE | |
| -- | English |
| 082 ## - DEWEY DECIMAL CLASSIFICATION NUMBER | |
| Classification number | 891.491 SHA |
| 100 ## - MAIN ENTRY--PERSONAL NAME | |
| Personal name | SHARMA, SATYENDRANATH |
| 245 ## - TITLE STATEMENT | |
| Title | BHAKTI GEETI PADA SANCHAYAN (Kabita) |
| 260 ## - PUBLICATION, DISTRIBUTION, ETC. | |
| Place of publication, distribution, etc. | NEW DELHI |
| Name of publisher, distributor, etc. | SAHITYA ACADEMI (LBS Pub.) |
| 300 ## - PHYSICAL DESCRIPTION | |
| Extent | 000: |
| Dimensions | 20CM. |
| 500 ## - GENERAL NOTE | |
| General note | NOT TO BE ISSUED--RARE COPY---One Copy Only |
| 942 ## - ADDED ENTRY ELEMENTS (KOHA) | |
| Koha item type | Books |
| 653 ## - INDEX TERM--UNCONTROLLED | |
| Uncontrolled term | Asomiya Kabita |
| Withdrawn status | Lost status | Damaged status | Not for loan | Collection code | Home library | Current library | Shelving location | Date acquired | Full call number | Barcode | Date last seen | Copy number | Price effective from | Koha item type | Public note |
|---|---|---|---|---|---|---|---|---|---|---|---|---|---|---|---|
| REFASM | Central Library and Information Centre Sibsagar Girls College | Central Library and Information Centre Sibsagar Girls College | ASSAMESE OLD REFERENCE | 19.04.1967 | 891.491 SHA | 00018 | 27.02.2020 | 1 | 27.02.2020 | Books | V |